Sports Quiz

Random Sports or Baseball Quiz

1972 Topps Baseball Hall of Famers Quiz Stats

Quiz not verified by Sporcle

Challenge
Share
Tweet
Embed
Score 0/46 Timer 05:00
0 Plays Today
Card # Player % Correct
49Willie Mays
98.8%
433Johnny Bench
97.9%
100Frank Robinson
97.6%
550Brooks Robinson
97.6%
299Hank Aaron
96.7%
445Tom Seaver
96.7%
280Willie McCovey
96.4%
37Carl Yastrzemski
95.5%
51Harmon Killebrew
95.2%
270Jim Palmer
95.2%
79Carlton Fisk
94.6%
132Joe Morgan
94.6%
309Roberto Clemente
94.6%
595Nolan Ryan
94.6%
435Reggie Jackson
94.3%
447Willie Stargell
94.3%
510Ted Williams
94%
137Dick Williams
93.7%
439Billy Williams
93.7%
330Jim 'Catfish' Hunter
93.4%
555Ron Santo
93.4%
130Bob Gibson
92.5%
695Rod Carew
92.2%
Card # Player % Correct
358Sparky Anderson
91.3%
600Al Kaline
91.3%
410Fergie Jenkins
90.7%
530Don Sutton
90.7%
80Tony Perez
89.2%
323Earl Weaver
88.9%
620Phil Niekro
88.6%
567Juan Marichal
88.3%
200Lou Brock
88%
241Rollie Fingers
87.1%
285Gaylord Perry
86.8%
420Steve Carlton
85.9%
749Walter Alston
84.4%
500Joe Torre
83.9%
515Bert Blyleven
83.5%
760Bill Mazeroski
83.2%
195Orlando Cepeda
69.8%
67Red Schoendienst
68.3%
313Luis Aparicio
67.4%
576Leo Durocher
66.8%
777Hoyt Wilhelm
51.2%
449Bob Lemon
41%
451Tony LaRussa
38.1%

You're not logged in!

Compare scores with friends on all Sporcle quizzes.
Join for Free
OR
Log In

You Might Also Like...

Show Comments

Extras

Top Quizzes Today


Score Distribution

Your Account Isn't Verified!

In order to create a playlist on Sporcle, you need to verify the email address you used during registration. Go to your Sporcle Settings to finish the process.

Report this User

Report this user for behavior that violates our Community Guidelines.

Details: